Mikroekonómia
Gespeichert in:
| 1. Verfasser: | |
|---|---|
| Weitere Verfasser: | , , |
| Format: | Buch |
| Sprache: | Slowakisch |
| Veröffentlicht: |
Praha
Wolters Kluwer
2020
|
| Ausgabe: | 1. vydání |
| Schlagworte: | |
| Tags: |
Keine Tags, Fügen Sie das erste Tag hinzu!
|
MARC
| LEADER | 00000nam a2200000 4500 | ||
|---|---|---|---|
| 001 | 0269083 | ||
| 005 | 20240502083807.0 | ||
| 020 | |a 978-80-7598-890-4 | ||
| 020 | |a 978-80-7598-891-1 | ||
| 041 | 0 | |a slo | |
| 044 | |a CZ | ||
| 245 | 1 | 0 | |a Mikroekonómia |c Vieroslava Holková, Alexandra Veselková ; recenzenti: Ján Lisý, Ivana Lennerová |
| 250 | |a 1. vydání | ||
| 264 | 1 | |a Praha |b Wolters Kluwer |c 2020 | |
| 300 | |a 390 s. [20,03 AH] | ||
| 610 | 2 | 0 | |a mikroekonomika |
| 610 | 2 | 0 | |a teória firmy |
| 610 | 2 | 0 | |a faktory výrobné |
| 610 | 2 | 0 | |a trh |
| 610 | 2 | 0 | |a trh práce |
| 610 | 2 | 0 | |a rovnováha |
| 610 | 2 | 0 | |a efektívnosť |
| 610 | 2 | 0 | |a zlyhanie trhu |
| 100 | 1 | |a Holková, Vieroslava | |
| 700 | 1 | |a Veselková, Alexandra | |
| 700 | 1 | |a Lisý, Ján | |
| 700 | 1 | |a Lennerová, Ivana, 1979- | |